000 00750nam 22002293 4500
001 197860
010 _a978-972-608-238-5
021 _aPT
_b362929/13
090 _a197860
100 _a20250915d u||y0pory50 ba
101 _apor
200 _aFukushima
_eCrónica de um Desastre
_fMichaël Ferrier
_gTradução de Miguel Serras Pereira ; Revisão de Conceição Candeias
205 _a
210 _aLisboa
_cAntígona
_d2013
215 _a245, [3] p.
_cBrochado
_d21 cm
304 _aTít. orig.: Fukushima - récit d'un désastre
606 _97
_aLiteratura Francesa
675 _a821.133.1-31/FER/FUK
_vPT
_zpor
700 _913905
_aFerrier
_bMichaël
801 _aPT
_bBMMN
_gRPC
830 _cCarlos Pinto
_d15-09-2025
_fCarlos Pinto
990 _cLIVROS